[Event "Moscow Open 2009 A"]
[Site ""]
[Date "2009.02.06"]
[Round "7.46"]
[White "Nyudleev, Dolgan"]
[Black "Rychagov, Andrey"]
[Result "0-1"]
[WhiteElo "2397"]
[BlackElo "2514"]
[Annotator ""]
[Source ""]
[Remark ""]

1.e4 e6 2.d4 d5 3.e5 c5 4.Nf3 Nc6 5.Bd3 cxd4 6.O-O f6 7.Bf4 g5
8.Bg3 g4 9.Nfd2 Nxe5 10.Bxe5 fxe5 11.Qxg4 Nf6 12.Qg5 e4 13.Be2
Qe7 14.Nb3 e5 15.f4 exf3 16.Bxf3 Bg7 17.Bh5+ Kd8 18.N1d2 Nxh5
19.Qxh5 Be6 20.Nf3 Bf7 21.Qg4 Bg6 22.Rae1 Re8 23.Nfxd4 Rc8 24.Nf5
Bxf5 25.Rxf5 Rc7 26.Qf3 Qe6 27.Rd1 Kc8 28.Rxd5 Qb6+ 29.Kh1 e4
30.Qg4 Kb8 31.Qe2 Bxb2 32.Nc5 Qc6 33.Qe1 e3 34.Rd1 e2 35.Rd3
Rg7 36.Rdf3 Bc3 37.Nd7+ Rxd7 38.Rxc3 Qxc3 0-1

[Event "Moscow Open 2009 A"]
[Site ""]
[Date "2009.02.06"]
[Round "7.47"]
[White "Gurevich, Dmitry"]
[Black "Moiseev, Gumar"]
[Result "0-1"]
[WhiteElo "2507"]
[BlackElo "2380"]
[Annotator ""]
[Source ""]
[Remark ""]

1.d4 Nf6 2.c4 e6 3.g3 d5 4.Bg2 c6 5.Nd2 Nbd7 6.Ngf3 Bd6 7.O-O
O-O 8.b3 Qe7 9.Bb2 Ba3 10.Bxa3 Qxa3 11.Qc2 Qe7 12.Rfe1 Rd8 13.e4
dxe4 14.Nxe4 Nxe4 15.Qxe4 Nf6 16.Qf4 Qd6 17.Qe3 Bd7 18.a4 Be8
19.a5 Rac8 20.h3 h6 21.Red1 a6 22.Ne5 Nd7 23.Nd3 f6 24.b4 Bf7
25.f4 Qc7 26.Rac1 Re8 27.Rd2 e5 28.fxe5 fxe5 29.d5 e4 30.d6 Qd8
31.Bxe4 Bg6 32.Nf2 c5 33.Qd3 Bxe4 34.Nxe4 cxb4 35.Qd5+ Kh8 36.Qxb7
Rb8 37.Qd5 Re5 38.Qd4 Qe8 39.Nf2 b3 40.Kg2 Re1 41.Rxe1 Qxe1 42.Qb2
Qxd2 43.Qxd2 b2 44.c5 b1Q 45.c6 Ne5 46.Qd5 Qb2 47.d7 Rf8 48.Qc5
Qxf2+ 49.Qxf2 Rxf2+ 50.Kxf2 Nxc6 51.Ke3 Kg8 52.Ke4 Kf7 53.Kd5
Nd8 54.Kd6 Kf6 55.Kc7 Ke7 56.Kc8 g5 57.h4 g4 58.h5 Ne6 59.Kb7
Kxd7 60.Kxa6 Kc6 0-1

[Event "Moscow Open 2009 A"]
[Site ""]
[Date "2009.02.06"]
[Round "7.48"]
[White "Gorbatov, Alexej"]
[Black "Tunik, Gennady"]
[Result "1/2-1/2"]
[WhiteElo "2389"]
[BlackElo "2506"]
[Annotator ""]
[Source ""]
[Remark ""]

1.e4 c5 2.Nf3 e6 3.d4 cxd4 4.Nxd4 Nc6 5.Nc3 Qc7 6.g3 a6 7.Bg2
d6 8.O-O Be7 9.Nxc6 bxc6 10.Na4 Bb7 11.c4 c5 12.Bf4 Qc6 13.Re1
Nf6 14.Rb1 O-O 15.b4 cxb4 16.Rxb4 e5 17.Qb3 Bc8 18.Nb6 a5 19.Rb5
a4 20.Qb4 Ra7 21.Be3 Ra6 22.Nd5 Bd8 23.Rb1 h6 24.f3 Kh7 25.Bf1
Be6 26.Bd3 Nd7 27.Kg2 Bg5 28.f4 exf4 29.gxf4 Bh4 30.f5 Ne5 31.Qd2
Bxd5 32.exd5 Qa8 33.f6+ Kg8 34.fxg7 Re8 35.Bxh6 Qc8 36.h3 Ra7
37.Rb8 Qxb8 38.Rxb8 Rxb8 1/2-1/2

[Event "Moscow Open 2009 A"]
[Site ""]
[Date "2009.02.06"]
[Round "7.49"]
[White "Balashov, Yuri S"]
[Black "Nyzhnyk, Illya"]
[Result "1-0"]
[WhiteElo "2378"]
[BlackElo "2503"]
[Annotator ""]
[Source ""]
[Remark ""]

1.d4 d5 2.c4 dxc4 3.e3 Nf6 4.Bxc4 e6 5.Nf3 c5 6.O-O a6 7.dxc5
Qxd1 8.Rxd1 Bxc5 9.b3 Nbd7 10.Bb2 b6 11.Nbd2 Bb7 12.Be2 Ke7 13.Ne1
b5 14.a4 bxa4 15.Rxa4 Nb6 16.Ra2 Rhc8 17.Rda1 Bb4 18.Nd3 Bxd2
19.Ba3+ Ke8 20.Rxd2 Ne4 21.Rb2 Nc3 22.Bf1 Bc6 23.Bc5 Nbd5 24.Bd4
Bb5 25.f3 f6 26.e4 e5 27.Bf2 Nf4 28.Nxf4 exf4 29.Rc2 Kd7 30.b4
Bxf1 31.Kxf1 Nb5 32.Bc5 Rc6 33.Kf2 Ke6 34.g3 fxg3+ 35.hxg3 Nd6
36.Rca2 Nb5 37.Ke3 Nc7 38.f4 Rd8 39.g4 h6 40.f5+ Kf7 41.Rd2 Rxd2
42.Kxd2 Nb5 43.Kd3 Nc7 44.Kc4 Ke8 45.Rd1 Nb5 46.Rd2 Na3+ 47.Kd5
Rc8 48.Ra2 Nb5 49.Ra1 Kd7 50.e5 Nc7+ 51.Ke4 fxe5 52.Rd1+ Ke8
53.Rd6 a5 54.bxa5 Nb5 55.Re6+ Kf7 56.Re7+ Kf6 57.Rxe5 Nc3+ 58.Kf4
g5+ 59.fxg6 Kxg6 60.a6 Nb5 61.Be3 Nc7 62.a7 Rf8+ 63.Kg3 Na8 64.Re6+
Kf7 65.Rxh6 Re8 66.Rh7+ Kg6 67.Rb7 1-0

[Event "Moscow Open 2009 A"]
[Site ""]
[Date "2009.02.06"]
[Round "7.50"]
[White "Krapivin, Alexander"]
[Black "Ozolin, Maxim"]
[Result "1/2-1/2"]
[WhiteElo "2501"]
[BlackElo "2377"]
[Annotator ""]
[Source ""]
[Remark ""]

1.e4 c5 2.Nc3 Nc6 3.g3 g6 4.Bg2 Bg7 5.d3 d6 6.Be3 Rb8 7.Qd2 b5
8.Nf3 b4 9.Nd1 Nd4 10.O-O e6 11.Nh4 Ne7 12.f4 f5 13.c3 bxc3 14.bxc3
Ndc6 15.Rc1 Qa5 16.Nf3 O-O 17.Re1 Bd7 18.exf5 Nxf5 19.Bf2 e5
20.fxe5 Nxe5 21.Nxe5 Bxe5 22.Ne3 Nxe3 23.Bxe3 Be6 24.d4 cxd4
25.Bxd4 Qxa2 26.Qxa2 Bxa2 27.Bxa7 Rb2 28.c4 Kg7 29.Bd5 h5 30.Be3 1/2-1/2

[Event "Moscow Open 2009 A"]
[Site ""]
[Date "2009.02.06"]
[Round "7.51"]
[White "Ulko, Jaroslav"]
[Black "Airapetian, Gor"]
[Result "1/2-1/2"]
[WhiteElo "2501"]
[BlackElo "2346"]
[Annotator ""]
[Source ""]
[Remark ""]

1.e4 e6 2.d4 d5 3.Nc3 Nf6 4.Bg5 dxe4 5.Nxe4 Nbd7 6.Nxf6+ Nxf6
7.Nf3 h6 8.Bh4 c5 9.Ne5 Qa5+ 10.c3 cxd4 11.Qxd4 Bc5 12.Qf4 Bd6
13.Bg3 O-O 14.Be2 Qc7 15.Qd4 Nd5 16.O-O f6 17.Ng6 Rd8 18.Bxd6
Rxd6 19.Rad1 b5 20.Bxb5 Ba6 21.Bxa6 Rxa6 22.Qe4 Rb8 23.h4 e5
24.Qe2 Qb6 25.c4 1/2-1/2

[Event "Moscow Open 2009 A"]
[Site ""]
[Date "2009.02.06"]
[Round "7.52"]
[White "Ageichenko, Genadi A"]
[Black "Ivanov, Victor L"]
[Result "0-1"]
[WhiteElo "2367"]
[BlackElo "2499"]
[Annotator ""]
[Source ""]
[Remark ""]

1.c4 c6 2.e4 d5 3.exd5 cxd5 4.d4 Nf6 5.Nc3 g6 6.cxd5 Nxd5 7.Bc4
Nb6 8.Bb3 Bg7 9.Nf3 O-O 10.a4 Nc6 11.a5 Nd7 12.a6 bxa6 13.O-O
Nb6 14.d5 Nb4 15.Bf4 Bb7 16.d6 exd6 17.Qxd6 Nd3 18.Ng5 Nxb2 19.Nce4
N2c4 20.Qxd8 Raxd8 21.Rae1 Rd4 22.Bc1 h6 23.Nc5 hxg5 24.Nxb7
Rc8 25.Be3 Rd7 26.Bxb6 Nxb6 0-1

[Event "Moscow Open 2009 A"]
[Site ""]
[Date "2009.02.06"]
[Round "7.53"]
[White "Petrosian, Davit G"]
[Black "Bogachkov, Igor"]
[Result "1/2-1/2"]
[WhiteElo "2477"]
[BlackElo "2324"]
[Annotator ""]
[Source ""]
[Remark ""]

1.e4 c5 2.Nf3 Nc6 3.Nc3 Nf6 4.d4 cxd4 5.Nxd4 e5 6.Ndb5 d6 7.Bg5
a6 8.Na3 b5 9.Nd5 Be7 10.Bxf6 Bxf6 11.c3 Bg5 12.Nc2 O-O 13.a4
bxa4 14.Rxa4 a5 15.Bb5 Ne7 16.Ncb4 Be6 17.Nxe7+ Qxe7 18.Bc6 Rab8
19.Rxa5 Qc7 20.Qa4 Rfc8 21.Na6 Bb3 22.Nxc7 Bxa4 23.Rxa4 Rxc7
24.Bd5 Kf8 25.Ra2 Bc1 1/2-1/2

[Event "Moscow Open 2009 A"]
[Site ""]
[Date "2009.02.06"]
[Round "7.54"]
[White "Yandemirov, Valeri"]
[Black "Potapov, Alexey"]
[Result "1-0"]
[WhiteElo "2474"]
[BlackElo "2316"]
[Annotator ""]
[Source ""]
[Remark ""]

1.e4 c6 2.d4 d5 3.Nd2 dxe4 4.Nxe4 Nf6 5.Nxf6+ gxf6 6.Bc4 Bf5
7.Nf3 e6 8.Qe2 Nd7 9.Be3 Qc7 10.O-O-O O-O-O 11.g3 Bd6 12.Bh6
Rhg8 13.h3 Nb6 14.Bb3 Bg6 15.Nh4 a5 16.a3 Qe7 17.Bd2 a4 18.Ba2
Rd7 19.Qf3 Rgd8 20.Rhe1 Bc7 21.Bb4 Bd6 22.Ba5 Bc7 23.Bb4 Bd6
24.Bxd6 Rxd6 25.c3 Kc7 26.Ng2 e5 27.h4 h5 28.Nf4 Qd7 29.Nxg6
fxg6 30.dxe5 fxe5 31.Rxd6 Qxd6 32.Qe3 Nd7 33.Bb1 Rf8 34.Bc2 Qf6
35.Re2 b5 36.Qa7+ Kd8 37.Rd2 Rf7 38.Be4 Ke8 39.Bg2 Qe6 40.Qa6 1-0

[Event "Moscow Open 2009 A"]
[Site ""]
[Date "2009.02.06"]
[Round "7.55"]
[White "Gabrielian, Artur"]
[Black "Kashlinskaya, Alina"]
[Result "1/2-1/2"]
[WhiteElo "2472"]
[BlackElo "2302"]
[Annotator ""]
[Source ""]
[Remark ""]

1.e4 c5 2.Nf3 d6 3.d4 cxd4 4.Nxd4 Nf6 5.Nc3 g6 6.Be2 Bg7 7.O-O
O-O 8.Re1 Nc6 9.Nb3 a6 10.Bf4 b5 11.a4 b4 12.Nd5 Nd7 13.Ra2 e6
14.Ne3 Nf6 15.Bd3 Ne5 16.a5 Bb7 1/2-1/2

[Event "Moscow Open 2009 A"]
[Site ""]
[Date "2009.02.06"]
[Round "7.56"]
[White "Lushenkov, Mikhail"]
[Black "Zhadanov, Vasili B"]
[Result "1-0"]
[WhiteElo "2462"]
[BlackElo "2233"]
[Annotator ""]
[Source ""]
[Remark ""]

1.c4 Nf6 2.Nc3 d5 3.cxd5 Nxd5 4.g3 e5 5.Bg2 Nb6 6.Nh3 Be7 7.O-O
Bd7 8.f4 Qc8 9.Nf2 exf4 10.gxf4 Nc6 11.d4 f5 12.d5 Nb4 13.a3
Na6 14.e4 fxe4 15.Qh5+ g6 16.Qe5 Kf7 17.Nfxe4 Re8 18.d6 cxd6
19.Ng5+ Kg8 20.Bd5+ Nxd5 21.Qxd5+ Kh8 22.Be3 1-0

[Event "Moscow Open 2009 A"]
[Site ""]
[Date "2009.02.06"]
[Round "7.57"]
[White "Papin, Vasily"]
[Black "Mokshanov, Alexey"]
[Result "1-0"]
[WhiteElo "2456"]
[BlackElo "2185"]
[Annotator ""]
[Source ""]
[Remark ""]

1.d4 d5 2.c4 e6 3.Nc3 Nf6 4.cxd5 exd5 5.Bg5 Be7 6.e3 O-O 7.Bd3
Nbd7 8.Nge2 Re8 9.O-O Nf8 10.Qc2 c6 11.f3 Be6 12.Rad1 Nh5 13.Bxe7
Qxe7 14.e4 dxe4 15.fxe4 Nf6 16.h3 Rad8 17.Rf2 Ng6 18.Rdf1 c5
19.e5 Nd5 20.Nxd5 Bxd5 21.Nc3 Rf8 22.Nxd5 Rxd5 23.Bc4 Rxd4 24.Rxf7
Rxf7 25.Bxf7+ Kh8 26.Bxg6 hxg6 27.Qxg6 1-0

[Event "Moscow Open 2009 A"]
[Site ""]
[Date "2009.02.06"]
[Round "7.58"]
[White "Przybylski, Wojciech"]
[Black "Petrushin, Alexander I"]
[Result "1-0"]
[WhiteElo "2337"]
[BlackElo "2455"]
[Annotator ""]
[Source ""]
[Remark ""]

1.e4 c5 2.Nf3 d6 3.d4 cxd4 4.Nxd4 Nf6 5.Nc3 a6 6.Be2 e6 7.O-O
Be7 8.f4 O-O 9.Be3 Qc7 10.g4 Re8 11.g5 Nfd7 12.Bd3 Bf8 13.f5
Ne5 14.Rf4 Nbc6 15.Rh4 Qd8 16.Rxh7 Kxh7 17.Qh5+ Kg8 18.g6 Nxg6
19.Nf3 Be7 20.fxg6 fxg6 21.Qxg6 Ne5 22.Nxe5 dxe5 23.Bc4 Bf6 24.Rd1
Qe7 25.b4 b5 26.Bb3 Rb8 27.Bc5 Qf7 28.Qg4 Rb7 29.Rf1 Rc7 30.Rf3
Rd7 31.a4 Rd2 32.axb5 axb5 33.Be3 Red8 1-0

[Event "Moscow Open 2009 A"]
[Site ""]
[Date "2009.02.06"]
[Round "7.59"]
[White "Krivoborodov, Egor"]
[Black "Barsamian, Eduard"]
[Result "1/2-1/2"]
[WhiteElo "2436"]
[BlackElo "2138"]
[Annotator ""]
[Source ""]
[Remark ""]

1.e4 c5 2.Nf3 e6 3.d4 cxd4 4.Nxd4 a6 5.Bd3 Bc5 6.Be3 d6 7.O-O
Nf6 8.c3 O-O 9.Nd2 Nbd7 10.Qe2 Ne5 11.Bc2 Qc7 12.h3 Re8 13.f4
Ng6 14.N4b3 Bxe3+ 15.Qxe3 Bd7 16.Rae1 e5 17.fxe5 dxe5 18.Nc5
Bc6 19.Bb3 Rad8 20.Rd1 Nf4 21.g3 Nxh3+ 22.Kg2 b6 23.Na4 Rxd2+
24.Rxd2 Bxe4+ 25.Rf3 Ng5 26.Qxg5 Bxf3+ 27.Kxf3 b5 28.Qe3 1/2-1/2

[Event "Moscow Open 2009 A"]
[Site ""]
[Date "2009.02.06"]
[Round "7.60"]
[White "Tilicheev, Viacheslav"]
[Black "Slugin, Sergey"]
[Result "1/2-1/2"]
[WhiteElo "2242"]
[BlackElo "2436"]
[Annotator ""]
[Source ""]
[Remark ""]

1.d4 d5 2.c4 c6 3.Nf3 Nf6 4.e3 e6 5.Bd3 Nbd7 6.O-O Bd6 7.Nbd2
O-O 8.e4 e5 9.cxd5 cxd5 10.exd5 exd4 11.Ne4 Nxe4 12.Bxe4 Nf6
13.Qxd4 Nxe4 14.Qxe4 Re8 15.Qd4 Bf5 16.Bg5 f6 17.Bh4 Re4 18.Qd3
Qd7 19.Bg3 Rd8 20.Bxd6 Qxd6 21.Rad1 Bg6 22.h3 1/2-1/2

[Event "Moscow Open 2009 A"]
[Site ""]
[Date "2009.02.06"]
[Round "7.61"]
[White "Rakhimgaliyev, Erlan"]
[Black "Gladyszev, Oleg"]
[Result "1-0"]
[WhiteElo "2272"]
[BlackElo "2422"]
[Annotator ""]
[Source ""]
[Remark ""]

1.e4 c5 2.c3 Nf6 3.e5 Nd5 4.Nf3 Nc6 5.d4 cxd4 6.Bc4 Nb6 7.Bb3
d5 8.exd6 Qxd6 9.O-O Be6 10.Bxe6 Qxe6 11.Nxd4 Nxd4 12.Qxd4 Rd8
13.Qb4 Qc4 14.Qxc4 Nxc4 15.b3 Nd6 16.Rd1 e6 17.Be3 a6 18.c4 Nf5
19.Rxd8+ Kxd8 20.Bb6+ Kd7 21.Ba5 Kc6 22.Nd2 Be7 23.Nf3 b6 24.Bc3
f6 25.Rd1 e5 26.Ne1 Rc8 27.g4 Nh4 28.Nc2 a5 29.Kf1 Bc5 30.Ne3
Nf3 31.Ke2 Nxh2 32.Rg1 e4 33.Rh1 Bxe3 34.Rxh2 Bh6 35.Rh5 Rf8
36.Bd4 Rf7 37.Rb5 Rb7 38.Rh5 Rf7 39.Rb5 Rd7 40.Bxb6 Rd2+ 41.Kf1
Rxa2 42.Rxa5 Rd2 43.Bc5 Rd1+ 44.Ke2 Rd2+ 45.Kf1 Rd1+ 46.Kg2 Rb1
47.Rb5 Bf4 48.Bd4 Bc7 49.b4 Rc1 50.Rc5+ Kb7 51.Be3 Rc2 52.Kf1
g6 53.b5 Bb6 54.Rc6 Bxe3 55.fxe3 f5 56.g5 Rb2 57.Rf6 Rc2 58.Rf7+
Kb6 59.Rxh7 Rxc4 60.Rg7 Kxb5 61.Rxg6 Rc5 62.Rg8 Kc4 63.g6 Kd3
64.g7 Kxe3 65.Rh8 Rc1+ 66.Kg2 f4 67.g8Q 1-0

[Event "Moscow Open 2009 A"]
[Site ""]
[Date "2009.02.06"]
[Round "7.62"]
[White "Zhang, Zhong"]
[Black "Reshetnikov, Alexey"]
[Result "1-0"]
[WhiteElo "2656"]
[BlackElo "2397"]
[Annotator ""]
[Source ""]
[Remark ""]

1.Nf3 Nf6 2.c4 e6 3.Nc3 Bb4 4.Qc2 d5 5.a3 Be7 6.d4 O-O 7.Bg5
b6 8.Rd1 Bb7 9.Bxf6 Bxf6 10.e4 dxe4 11.Nxe4 Nd7 12.Bd3 Be7 13.O-O
f6 14.Ned2 Bd6 15.Rfe1 1-0

[Event "Moscow Open 2009 A"]
[Site ""]
[Date "2009.02.06"]
[Round "7.63"]
[White "Yuferov, Sergey N"]
[Black "Grachev, Boris"]
[Result "0-1"]
[WhiteElo "2392"]
[BlackElo "2655"]
[Annotator ""]
[Source ""]
[Remark ""]

1.d4 d5 2.c4 e6 3.Nc3 c6 4.e4 dxe4 5.Nxe4 Bb4+ 6.Bd2 Qxd4 7.Bxb4
Qxe4+ 8.Be2 Na6 9.Bc3 f6 10.Qd6 e5 11.Rd1 Kf7 12.Nf3 Ne7 13.Bxe5
Be6 14.Qd4 Qxd4 15.Bxd4 c5 16.Bc3 Nc6 17.a3 Rad8 18.O-O Bf5 19.Rxd8
Rxd8 20.Rd1 Rxd1+ 21.Bxd1 Nc7 22.Ba4 Bd7 23.Kf1 Ne6 24.Ke1 Nb8
25.Bd1 Bc6 26.g3 Nd7 27.Kd2 Nb6 28.b3 Nc8 29.Kd3 Nd6 30.Bc2 g6
31.h4 Nf5 32.Ke2 a6 33.Bxf5 gxf5 0-1

[Event "Moscow Open 2009 A"]
[Site ""]
[Date "2009.02.06"]
[Round "7.64"]
[White "Kharitonov, Andrei V"]
[Black "Chudinovskikh, Alexander M"]
[Result "1/2-1/2"]
[WhiteElo "2563"]
[BlackElo "2379"]
[Annotator ""]
[Source ""]
[Remark ""]

1.Nf3 g6 2.c4 Bg7 3.d4 f5 4.g3 Nf6 5.Bg2 O-O 6.O-O d6 7.Nc3 Qe8
8.d5 a5 9.Rb1 Na6 10.b3 h6 11.Nd4 g5 12.e3 Bd7 13.Bb2 Nc5 14.Qe2
Qg6 15.Rbd1 1/2-1/2

[Event "Moscow Open 2009 A"]
[Site ""]
[Date "2009.02.06"]
[Round "7.65"]
[White "Iljiushenok, Ilia"]
[Black "Chernyshov, Konstantin"]
[Result "0-1"]
[WhiteElo "2360"]
[BlackElo "2544"]
[Annotator ""]
[Source ""]
[Remark ""]

1.e4 c5 2.Nf3 Nc6 3.d4 cxd4 4.Nxd4 Nf6 5.Nc3 d6 6.Bg5 Bd7 7.Qd2
Rc8 8.O-O-O Nxd4 9.Qxd4 Qa5 10.f4 Qc5 11.e5 Qxd4 12.Rxd4 dxe5
13.fxe5 Rc5 14.exf6 Rxg5 15.Bc4 exf6 16.Bxf7+ Kxf7 17.Rxd7+ Kg6
18.Rd8 Kh6 19.Nd5 g6 20.Nxf6 Rxg2 21.h3 Rg3 22.Rd7 Bc5 0-1

[Event "Moscow Open 2009 A"]
[Site ""]
[Date "2009.02.06"]
[Round "7.66"]
[White "Bryzgalin, Kirill"]
[Black "Stukopin, Andrey"]
[Result "1/2-1/2"]
[WhiteElo "2537"]
[BlackElo "2357"]
[Annotator ""]
[Source ""]
[Remark ""]

1.d4 d5 2.c4 dxc4 3.Nf3 Nf6 4.Nc3 e6 5.e4 Bb4 6.Bg5 c5 7.dxc5
Qa5 8.Bxf6 gxf6 9.Qd4 Nd7 10.Bxc4 Qxc5 11.Qd3 Ne5 12.Nxe5 fxe5
13.Rd1 Qc7 14.Bb5+ Kf8 15.O-O a6 16.Ba4 b5 17.Bb3 Rg8 18.Qf3
Rg6 19.Rd3 Bd7 20.Rfd1 1/2-1/2

[Event "Moscow Open 2009 A"]
[Site ""]
[Date "2009.02.06"]
[Round "7.67"]
[White "Vasiukov, Evgeni"]
[Black "Kremenietsky, Anatoly M"]
[Result "1-0"]
[WhiteElo "2515"]
[BlackElo "2346"]
[Annotator ""]
[Source ""]
[Remark ""]

1.e4 c5 2.Nf3 d6 3.Bb5+ Bd7 4.Bxd7+ Qxd7 5.O-O Nf6 6.Qe2 e6 7.c3
Be7 8.d4 cxd4 9.cxd4 d5 10.e5 Ng8 11.Nc3 Nc6 12.Be3 O-O-O 13.a3
Kb8 14.b4 h5 15.Nd2 f6 16.Nb3 fxe5 17.dxe5 Ka8 18.f4 Rc8 19.Qd3
Nh6 20.f5 Nb8 21.Rfd1 Nxf5 22.Bf2 Rhf8 23.a4 Qe8 1-0

[Event "Moscow Open 2009 A"]
[Site ""]
[Date "2009.02.06"]
[Round "7.68"]
[White "Naumkin, Igor"]
[Black "Popilski, Gil"]
[Result "1-0"]
[WhiteElo "2501"]
[BlackElo "2348"]
[Annotator ""]
[Source ""]
[Remark ""]

1.d4 Nf6 2.c4 g6 3.Nc3 d5 4.cxd5 Nxd5 5.e4 Nxc3 6.bxc3 Bg7 7.Bc4
c5 8.Ne2 Nc6 9.Be3 O-O 10.O-O Bg4 11.f3 Bd7 12.Rb1 Rc8 13.Bd3
Qc7 14.d5 Ne5 15.c4 a6 16.Bf4 b5 17.Bxe5 Bxe5 18.f4 Bg7 19.e5
Rfd8 20.Nc3 Rb8 21.Rc1 bxc4 22.Be4 Rb2 23.Qe1 Bf5 24.Bxf5 gxf5
25.Qh4 Kh8 26.Rf3 Rg8 27.Rh3 h6 28.Qg5 Qb6 29.d6 1-0

[Event "Moscow Open 2009 A"]
[Site ""]
[Date "2009.02.06"]
[Round "7.69"]
[White "Pushkov, Nikolai"]
[Black "Siritsa, Dmitry"]
[Result "1-0"]
[WhiteElo "2486"]
[BlackElo "2327"]
[Annotator ""]
[Source ""]
[Remark ""]

1.d4 d5 2.c4 c6 3.Nf3 Nf6 4.e3 e6 5.Nc3 Nbd7 6.Qc2 Bd6 7.Bd3
dxc4 8.Bxc4 O-O 9.O-O b5 10.Be2 Bb7 11.Rd1 Qc7 12.e4 e5 13.g3
Rfe8 14.a3 a6 15.Bg5 exd4 16.Nxd4 Be5 17.Bf3 h6 18.Be3 Nb6 19.Nf5
Nc4 20.Bc5 Nd7 21.Bd4 Bxd4 22.Rxd4 Nf6 23.b3 c5 24.Rdd1 Nxa3
25.Rxa3 b4 26.Raa1 bxc3 27.Qxc3 Qe5 28.Qxe5 Rxe5 29.Nd6 Bc6 30.Bg2
Re6 31.Nf5 Bb5 32.Rdc1 Rc8 33.f4 Kh8 34.e5 g6 35.Nd6 Rxd6 36.exd6 1-0

[Event "Moscow Open 2009 A"]
[Site ""]
[Date "2009.02.06"]
[Round "7.70"]
[White "Gavrilov, Alexei"]
[Black "Tenikashvili, Georgij"]
[Result "0-1"]
[WhiteElo "2481"]
[BlackElo "2324"]
[Annotator ""]
[Source ""]
[Remark ""]

1.d4 d5 2.c4 dxc4 3.e3 c5 4.Bxc4 cxd4 5.exd4 Qc7 6.Qd3 e6 7.Nf3
Nf6 8.O-O Be7 9.Nc3 O-O 10.Nb5 Qd8 11.Bf4 a6 12.Nc3 b5 13.Bb3
Bb7 14.Ne5 Nc6 15.Rad1 Nb4 16.Qh3 Nbd5 17.Bc1 Rc8 18.Rfe1 Nxc3
19.bxc3 Bd5 20.Rd3 Bxb3 21.axb3 Nd5 22.Rg3 Bf6 23.Ng4 Bg5 24.Qh5
Bxc1 25.Rxc1 f5 26.Rh3 fxg4 27.Qxh7+ Kf7 28.Qh5+ Ke7 29.Qxg4
Rf7 30.Re1 Qd6 31.Qg5+ Kd7 32.Qg6 Qe7 33.Qe4 Rc7 0-1

[Event "Moscow Open 2009 A"]
[Site ""]
[Date "2009.02.06"]
[Round "7.71"]
[White "Mozharov, Mikhail"]
[Black "Losev, Dmitry"]
[Result "1-0"]
[WhiteElo "2475"]
[BlackElo "2313"]
[Annotator ""]
[Source ""]
[Remark ""]

1.e4 c5 2.Nf3 d6 3.d4 cxd4 4.Nxd4 Nf6 5.Nc3 g6 6.Be3 Bg7 7.f3
Nc6 8.Qd2 O-O 9.O-O-O Nxd4 10.Bxd4 Be6 11.Kb1 {Íåðàçáîð÷èâàÿ çàïèñü} 1-0

[Event "Moscow Open 2009 A"]
[Site ""]
[Date "2009.02.06"]
[Round "7.72"]
[White "Belov, Igor"]
[Black "Kolmakov, Pavel"]
[Result "0-1"]
[WhiteElo "2460"]
[BlackElo "2284"]
[Annotator ""]
[Source ""]
[Remark ""]

1.Nf3 d5 2.d4 Nf6 3.c4 e6 4.Bg5 h6 5.Bxf6 Qxf6 6.Nbd2 g6 7.e3
Bg7 8.Qc2 O-O 9.cxd5 exd5 10.Qxc7 Nc6 11.Bb5 Bf5 12.O-O Rfc8
13.Qg3 Bf8 14.Bxc6 Rxc6 15.Rac1 Rac8 16.Rxc6 Qxc6 17.Ne5 Qc2
18.Ndf3 Qxb2 19.Nh4 Rc1 20.f3 Qe2 21.Qf2 Rxf1+ 22.Qxf1 Qxe3+ 0-1

[Event "Moscow Open 2009 A"]
[Site ""]
[Date "2009.02.06"]
[Round "7.73"]
[White "Onoprijchuk, Boris"]
[Black "Pugachov, Alexey"]
[Result "0-1"]
[WhiteElo "2358"]
[BlackElo "2450"]
[Annotator ""]
[Source ""]
[Remark ""]

1.e4 c5 2.Nf3 e6 3.d4 cxd4 4.Nxd4 Nc6 5.Nb5 d6 6.c4 Nf6 7.N5c3
Be7 8.Be2 O-O 9.O-O b6 10.f4 Bb7 11.Bf3 Rc8 12.Be3 a6 13.Qe2
Na5 14.Nd2 Qc7 15.Rac1 Nd7 16.g4 Nxc4 17.Nd1 b5 18.g5 Qd8 19.Nxc4
Rxc4 20.Rxc4 bxc4 21.Qxc4 e5 22.h4 exf4 23.Bxf4 Ne5 24.Bxe5 dxe5
25.Kh1 Qb6 26.Qb3 Qxb3 27.axb3 f6 28.gxf6 Rxf6 29.Nc3 Rf4 30.h5
Bc5 31.Kg2 Rf7 32.Rd1 Bd4 33.Rd2 g5 34.hxg6 hxg6 35.Re2 Bc5 36.Rc2
Bb6 37.Rd2 Kg7 0-1

[Event "Moscow Open 2009 A"]
[Site ""]
[Date "2009.02.06"]
[Round "7.74"]
[White "Davydov, Sergey P"]
[Black "Gochelashvili, David"]
[Result "0-1"]
[WhiteElo "2342"]
[BlackElo "2447"]
[Annotator ""]
[Source ""]
[Remark ""]

1.d4 Nf6 2.c4 g6 3.Nf3 Bg7 4.Nc3 O-O 5.e4 d6 6.h3 a6 7.Bd3 c5
8.d5 b5 9.cxb5 axb5 10.Nxb5 Na6 11.Nc3 Nb4 12.Bc4 Ba6 13.Bxa6
Rxa6 14.O-O c4 15.Be3 Qa8 16.a3 Nd3 17.Qc2 e6 18.dxe6 fxe6 19.Nd4
d5 20.Ndb5 Qb7 21.exd5 Nxd5 22.a4 Nxb2 23.Bd4 Nf4 24.Ne4 Nbd3
25.f3 Bxd4+ 26.Nxd4 Qb6 27.Qxc4 Rd8 28.Rab1 Qxd4+ 29.Qxd4 Rxd4
30.Rb7 Nd5 0-1

[Event "Moscow Open 2009 A"]
[Site ""]
[Date "2009.02.06"]
[Round "7.75"]
[White "Zhidkov, Valery S"]
[Black "Guseinov, Elmir"]
[Result "0-1"]
[WhiteElo "2341"]
[BlackElo "2439"]
[Annotator ""]
[Source ""]
[Remark ""]

1.Nf3 c5 2.c4 b6 3.g3 Bb7 4.Bg2 Nf6 5.O-O e6 6.b3 Be7 7.Bb2 O-O
8.d4 d5 9.cxd5 exd5 10.Ne5 Nc6 11.e3 Re8 12.Nd2 Rc8 13.Rc1 Bd6
14.Ndf3 Ne7 0-1

[Event "Moscow Open 2009 A"]
[Site ""]
[Date "2009.02.06"]
[Round "7.76"]
[White "Mikheev, Stanislav"]
[Black "Konovalov, Nikolay"]
[Result "1/2-1/2"]
[WhiteElo "2321"]
[BlackElo "2430"]
[Annotator ""]
[Source ""]
[Remark ""]

1.d4 Nf6 2.Nf3 c5 3.e3 b6 4.Bd3 Bb7 5.Nbd2 d6 6.c3 g6 7.O-O Bg7
8.Qe2 Nbd7 9.a4 a6 10.b4 O-O 11.Ba3 Qc7 12.bxc5 bxc5 13.Rab1
Nb6 14.Qd1 Rab8 15.Qc2 Rfc8 16.Rfc1 cxd4 17.cxd4 Qd7 18.Qb3 Bd5
19.Qb4 Qxa4 20.Qxa4 Nxa4 21.Bxa6 1/2-1/2

[Event "Moscow Open 2009 A"]
[Site ""]
[Date "2009.02.06"]
[Round "7.77"]
[White "Matsenko, Sergei"]
[Black "Matvienko, Ivan"]
[Result "1/2-1/2"]
[WhiteElo "2429"]
[BlackElo "2275"]
[Annotator ""]
[Source ""]
[Remark ""]

1.e4 e5 2.Nf3 Nc6 3.Bb5 a6 4.Ba4 Nf6 5.O-O Be7 6.Re1 b5 7.Bb3
O-O 8.h3 Bb7 9.d3 h6 10.Nc3 Re8 11.a4 b4 12.Nd5 Na5 13.Nxe7+
Qxe7 14.Ba2 b3 15.cxb3 c5 16.b4 cxb4 17.Be3 d5 18.Bb6 b3 19.Bb1
Qb4 20.Bxa5 Qxa5 21.Qxb3 Rab8 22.Qc3 Qb6 23.a5 Qb5 24.Ra2 d4
25.Qd2 Bc8 26.Bc2 Be6 27.Ba4 Qb7 28.Ra3 Nd7 29.Rc1 f6 30.Rc6
Kf7 31.Ra1 Rec8 32.Rxc8 Rxc8 33.b4 Rc3 34.Rb1 Nc5 35.Bc2 Nb3
36.Bxb3 Rxb3 37.Rxb3 Bxb3 1/2-1/2

[Event "Moscow Open 2009 A"]
[Site ""]
[Date "2009.02.06"]
[Round "7.78"]
[White "Bukavshin, Ivan"]
[Black "Appolonov, Sergey"]
[Result "1-0"]
[WhiteElo "2326"]
[BlackElo "2427"]
[Annotator ""]
[Source ""]
[Remark ""]

1.e4 e6 2.d4 d5 3.Nc3 dxe4 4.Nxe4 Nd7 5.Nf3 Ngf6 6.Nxf6+ Nxf6
7.c3 c5 8.Ne5 cxd4 9.Bb5+ Nd7 10.Qf3 Qe7 11.Bxd7+ Bxd7 12.Qxb7
Rd8 13.cxd4 Ba4 14.Qf3 Rxd4 15.O-O Qc7 16.Bf4 f6 17.Rac1 Qd8
18.Nc6 Bxc6 19.Qxc6+ Kf7 20.Be3 Rd7 21.Rfe1 Bd6 22.g3 Bb8 23.Kg2
Re8 24.b4 1-0

[Event "Moscow Open 2009 A"]
[Site ""]
[Date "2009.02.06"]
[Round "7.79"]
[White "Tappyrov, Vladimir"]
[Black "Grishchenko, Sergey"]
[Result "0-1"]
[WhiteElo "2317"]
[BlackElo "2423"]
[Annotator ""]
[Source ""]
[Remark ""]

1.d4 d5 2.c4 e6 3.Nf3 Nf6 4.g3 dxc4 5.Bg2 Nc6 6.Qa4 Bb4+ 7.Bd2
Nd5 8.Bxb4 Ndxb4 9.a3 b5 10.Qxb5 Nc2+ 11.Kd1 Bd7 12.Nfd2 N6xd4
13.Qxc4 Bb5 14.Qc3 Nxa1 15.e3 Ndb3 16.Bxa8 Qxa8 17.Re1 O-O 18.Nxb3
Qe4 19.Nxa1 Qxb1+ 0-1

[Event "Moscow Open 2009 A"]
[Site ""]
[Date "2009.02.06"]
[Round "7.80"]
[White "Arslanov, Shamil"]
[Black "Sharafiev, Azat"]
[Result "1/2-1/2"]
[WhiteElo "2316"]
[BlackElo "2421"]
[Annotator ""]
[Source ""]
[Remark ""]

1.e4 Nc6 2.Nf3 d6 3.d4 g6 4.Nc3 Bg7 5.Bc4 Nf6 6.O-O O-O 7.h3
e5 8.dxe5 Nxe5 9.Bb3 c6 10.Be3 Qc7 11.Re1 b5 12.Nxe5 dxe5 13.Bc5
Rd8 14.Qf3 a5 15.a4 Ba6 16.axb5 cxb5 17.Qe3 Rab8 18.Nd5 Nxd5
19.exd5 Rd7 1/2-1/2

[Event "Moscow Open 2009 A"]
[Site ""]
[Date "2009.02.06"]
[Round "7.81"]
[White "Prosviriakov, Vladimir"]
[Black "Potapov, Pavel"]
[Result "1/2-1/2"]
[WhiteElo "2305"]
[BlackElo "2414"]
[Annotator ""]
[Source ""]
[Remark ""]

1.c4 e6 2.g3 Nf6 3.Bg2 d5 4.d4 c6 5.Nf3 Nbd7 6.b3 Bd6 7.Nbd2
O-O 8.O-O h6 9.Qc2 Qe7 10.Bb2 b6 11.Ne5 Bb7 12.Nxd7 Qxd7 13.e4
dxe4 14.Nxe4 Nxe4 15.Qxe4 Rab8 16.Qd3 Rbd8 17.Rad1 Be7 18.Qf3
Bf6 19.Rd3 Qe7 20.Rfd1 Rd7 21.Qe2 Rfd8 22.h4 Qd6 1/2-1/2